Central Library OPAC University of Rajshahi

ANTIMICROBIAL AND INSECTICIDAL ACTIVITIES OF SOLANUM TORVUM SW. ( SOLANACEAE ) AND SMILAX ZEYLANICA L. ( LILIACEAE) ON CRYPTOLESTES PUSILLUS (SCHON.) (COLEOPTERA : CUCUJIDAE) / (Record no. 80791)

MARC details
000 -LEADER
fixed length control field 01088nam a2200253 a 4500
001 - CONTROL NUMBER
RUCL Control Number 80791
003 - CONTROL NUMBER IDENTIFIER
rucl marc code BD-RjUL
005 - DATE AND TIME OF LATEST TRANSACTION
control field 20230607102919.0
008 - FIXED-LENGTH DATA ELEMENTS--GENERAL INFORMATION
fixed length control field 221117s2009 bg a|||| m||| 00| 0 eng d
035 ## - SYSTEM CONTROL NUMBER
system control number (BD-RjUL)80791
040 ## - CATALOGING SOURCE
Original cataloging agency BD-RjUL
Language of cataloging eng
Transcribing agency BD-RjUL
Modifying agency BD-RjUL
041 ## - LANGUAGE CODE
Language code of Book eng
082 ## - DEWEY DECIMAL CLASSIFICATION NUMBER
DDC Edition number 23
Classification number 595.769
Author mark and Year BAA 2009
100 ## - MAIN ENTRY--PERSONAL NAME
Personal name BARI, MD. ABDUL
9 (RLIN) 5880
245 10 - TITLE STATEMENT
Title ANTIMICROBIAL AND INSECTICIDAL ACTIVITIES OF SOLANUM TORVUM SW. ( SOLANACEAE ) AND SMILAX ZEYLANICA L. ( LILIACEAE) ON CRYPTOLESTES PUSILLUS (SCHON.) (COLEOPTERA : CUCUJIDAE) /
Statement of responsibility, etc MD ABDUL BARI ;
Name of Supervisor/Co-Supervisor Supervision : Md Wahedul Islam & Md Ataur Rahman Khan
260 ## - PUBLICATION, DISTRIBUTION, ETC. (IMPRINT)
Place of publication, distribution, etc Rajshahi :
Name of publisher, distributor, etc Institute of Biological Sciences, University of Rajshahi,
Date of publication, distribution, etc 2009
300 ## - PHYSICAL DESCRIPTION
Pagination [17], 124 leaves :
Other physical details ill.;
Dimensions 29 cm.
502 ## - DISSERTATION NOTE
Dissertation note Thesis (M.Phil.) -- Institute of Biological Sciences, University of Rajshahi,2009
504 ## - BIBLIOGRAPHY, ETC. NOTE
Bibliography, etc Literature Cited : Leaves 103-124
650 ## - SUBJECT ADDED ENTRY--TOPICAL TERM
Topical term or geographic name as entry element Cucujidae
General subdivision Coleoptera
9 (RLIN) 5881
700 ## - ADDED ENTRY--SUPERVISOR/CO-SUPERVISOR NAME
Personal name Islam, Md Wahedul, Supervision
9 (RLIN) 3179
Personal name Khan, Md Ataur Rahman, Supervision
9 (RLIN) 5882
942 ## - ADDED ENTRY ELEMENTS (KOHA)
Source of classification or shelving scheme Dewey Decimal Classification
Koha item type Theses
Holdings
Source of classification or shelving scheme Damaged status Not for loan Collection code Permanent Location Current Location Shelving location Date of accession Source of acquisition Total Checkouts Full call number Barcode Date last seen Copy number Thesis
Dewey Decimal Classification   Not For Loan Theses Central Library, University of Rajshahi Central Library, University of Rajshahi Documentation Section 08/06/2010 Controller of Exam. R.U.   THE 595.769 BAA 2009 D3089 17/11/2022 C-1 Theses